| 000 | 00530nam a2200157 i 4500 | ||
|---|---|---|---|
| 001 | 90358 | ||
| 003 | ES-MaACL | ||
| 005 | 20230906180423.0 | ||
| 008 | 050120s1941 sp c |||| | spa d | ||
| 100 | 1 |
_aLedesma Ramos, Ramiro, _d1905-1936 _971157 |
|
| 245 | 1 | 0 |
_aEscritos filosóficos / _cpor Ramiro Ledesma Ramos. |
| 260 |
_aMadrid : _b[s.n., _c1941] ( _fImp. de los Sobrinos de la Suc. de M. Minuesa de los Ríos) |
||
| 300 |
_aXLI, 178 p. : _bretr. aut. ; _c22 cm. |
||
| 852 |
_aES-MaACL _jF-15250 |
||
| 999 |
_c90358 _d90358 |
||